000 00799nam a2200289Ia 4500
008 160303s9999 xx 000 0 und d
020 _a971-8686-39-8
050 _aFIL P 96
050 _b.C74H64 2004 c.1
100 _aHofileña, Chay Florentino -
245 _aNews for sale :
245 _bthe corruption & commercialization of the Philippine media /
245 _cChay Florentino - Hofileña.
250 _aNew Edition
260 _aManila:
260 _b[s.n.] :
260 _c2004
300 _a120 pages :
300 _billustrations ;
300 _c23 cm.
650 _aCommunication --
650 _aCrime in mass media --
650 _aMass media --
650 _xPhilippines -- Corrupt practices.
650 _xPhilippines.
650 _xPolitical aspects.
999 _c291257
_d291257